[Event "Lausanne op"]
[Site "Lausanne"]
[Date "2004.09.19"]
[Round "4"]
[White "Pelletier, Yannick"]
[Black "Pavlovic, Milos"]
[Result "1-0"]
[WhiteElo "2597"]
[BlackElo "2498"]
[Annotator "Pelletier,Y"]
[PlyCount "71"]
[EventDate "2004.09.17"]
[EventType "swiss"]
[EventRounds "7"]
[EventCountry "SUI"]
[SourceTitle "CBM 102 Extra"]
[Source "ChessBase"]
[SourceDate "2004.11.03"]
[SourceVersion "1"]
[SourceVersionDate "2004.11.03"]
[SourceQuality "1"]

1. Nf3 Nf6 2. c4 b6 3. Nc3 Bb7 4. d4 e6 5. a3 d5 6. cxd5 exd5 7. Qa4+ c6 8. Bg5
Be7 9. e3 Nbd7 10. Bd3 O-O 11. Rd1 {Diese Aufstellung erlebte einige schöne
Weissiege vor etwa 10 Jahren. Aber seitdem wird das Abspiel mit 6...Nxd5
meistens gespielt.} Re8 (11... c5 12. Ne5 Nxe5 $6 13. dxe5 Nh5 14. Ba6 $5 {
war Khalifman-Hübner, München 1992}) 12. O-O h6 13. Bf4 (13. Bh4 Ne4) ({oder} 
13. Bxf6 Bxf6 14. e4 dxe4 15. Nxe4 Qc7 {bieten wenig.}) 13... a6 ({Um den Zug
Ba6 ausszuschliessen, der die schwarzen Zentrumsbauern im Fall von} 13... c5
14. Ba6 {schwächen würde.}) 14. Bb1 $1 {[%cal Yb1a2,Ya2d5,Ga4c2,Gb1h7] Mit
zwei klaren Ideen: die Batterie Bb1-Qc2 vorzubereiten und mittels Ba2 auf d5
zu drücken.} c5 15. Ne5 Nf8 $6 (15... b5 16. Qc2 c4 {war vorzuziehen, da} 17.
Nxd7 Qxd7 18. Be5 g6 {nichts bringt. Leicht besser für Weiss wäre hingegen 17.
f3}) 16. dxc5 bxc5 17. Ba2 {[%csl Rd5]} (17. e4 Ne6) 17... Ne6 ({Auf} 17... Bd6
{folgt das typische} 18. Nxf7 $1) 18. Bg3 Bd6 19. Nc6 Qd7 $2 ({Vermutlich
unterschätzte mein Gegner die beiden Randspringer. Aber auch nach} 19... Bxc6
20. Qxc6 Bxg3 21. hxg3 Rc8 22. Qxa6 c4 23. Qa4 $14) ({oder} 19... Qb6 20. Nxd5
Nxd5 21. Bxd5 Bxg3 22. hxg3 Rac8 23. Ne5 Bxd5 24. Rxd5 Qxb2 25. Nc4 $36 {
hätte er kein einfaches Leben gehabt.}) 20. Na5 Qxa4 21. Nxa4 Bxg3 22. hxg3 (
22. Nxb7 Be5 23. Bxd5) 22... Rab8 23. Nxb7 Rxb7 24. Bxd5 Nxd5 25. Rxd5 {
Weiss hat einen satten Mehrbauern, wobei die technische Phase keine lange
Erklärungen verlangt.} Rb5 26. Rc1 Reb8 27. Rd6 a5 28. Rc4 Kf8 29. g4 Ke7 30.
Rd5 Rd8 31. Rxd8 Kxd8 32. f4 Rb3 (32... Ke7 33. f5 Ng5 34. Rxc5 Rb3 35. e4 $18)
33. Nxc5 Nxc5 (33... Rxe3 34. Kf2 {[%csl Re3] ist der entscheidende Trick.}) (
33... Rxb2 34. Nxe6+ fxe6 35. Rc5 Re2 36. Re5 a4 37. Re4 $18) 34. Rxc5 Rxe3 35.
Rxa5 Rb3 36. Rd5+ 1-0

[Event "Hastings Masters op 83rd"]
[Site "Hastings"]
[Date "2007.12.30"]
[Round "3"]
[White "Pert, Nicholas"]
[Black "Dinger, Florian"]
[Result "1-0"]
[WhiteElo "2539"]
[BlackElo "2378"]
[Annotator "Pert,N"]
[PlyCount "97"]
[EventDate "2007.12.28"]
[EventType "swiss"]
[EventRounds "10"]
[EventCountry "ENG"]
[SourceTitle "CBM 122"]
[Source "ChessBase"]
[SourceDate "2008.01.30"]
[SourceVersion "1"]
[SourceVersionDate "2008.01.30"]
[SourceQuality "1"]

1. d4 Nf6 2. Nf3 e6 3. c4 b6 4. Nc3 Bb7 5. a3 d5 6. cxd5 Nxd5 7. e3 {The old
main line is going through a mini-revival recently, so I thought I would try
and keep up with the trends. Here g6 is a popular move for Black, but the game
transposed to a more common variation which can also be reached as follows:} (
7. Qc2 Be7 8. e4 Nxc3 9. bxc3 O-O 10. Bd3 c5 11. O-O Qc7 12. Qe2 Nd7 13. Bb2)
7... Nd7 8. Bd3 c5 9. e4 Nxc3 10. bxc3 Qc7 11. O-O Be7 12. Bb2 O-O 13. Qe2 {
By a strange move order we have reached one of the main positions of the
Petrosian Variation of the Queen's Indian.} Rac8 14. Nd2 {One of Black's main
plans in this position is to close down the centre, and hence limit the
potential of White's bishops by playing c4 and e5. This move is designed to
add more control to the c4 square, whilst readying kingside expansion with f4.}
Bg5 $5 {An interesting way to stop f4. Another alternative is to put the queen
on f4 before the pawn gets there! Then if White wants to shift the queen he
has to weaken the long diagonal with g3.} 15. Rad1 $146 {This is technically a
novelty, but according to my database the position has been reached once
before by transposition.} e5 $6 {Black goes for it and challenges the centre
right away. Rfd8 comes into consideration as a useful alternative.} 16. Nf3 (
16. d5 Bxd2 17. Qxd2 c4 {I expect this was his intention, closing up the
position, but probably White has slightly the better of it with the bishop
pair if he can find a way to activate them.}) 16... Bf6 17. Bb5 $1 {I don't
want Black to close me in with c4.} cxd4 18. cxd4 exd4 19. Nxd4 Nc5 20. Nf5 $1
Bxb2 {This hands White a comfortable edge. The risky Bxe4 was the other option
when white has the choice between 2 reasonable ways to fight for the advantage.
} (20... Bxe4 21. Nh6+ (21. Bxf6 Bxf5 22. Be7 Rfe8 23. Bxe8 Rxe8 24. Bd6 {
with a pull for White.}) 21... Kh8 22. Bxf6 gxf6 {is also possible when Black
has an extra pawn, but a weak king provides at least sufficient compensation.})
21. Qxb2 f6 22. Nd6 Rb8 {Forced.} (22... Rcd8 23. Qa2+ Kh8 24. Nf7+ Rxf7 25.
Qxf7 {Wins.}) 23. f3 $6 (23. e5 {I think e5 is marginally preferable. This
ensures that White's king is safer than Black's. However the game continuation
keeps a strong hold in the centre and blunts Black's bishop.}) 23... Kh8 $1 24.
Rf2 Ba6 {Black is advised to swop his bishop for White's more active
counterpart.} 25. Bxa6 Nxa6 26. Rfd2 Nc5 27. Qc3 (27. Rd5 {I wanted to
continue with Rd5 and Qf2 -> kingside but Na4 would have been irritating
threatening a fork on c3.} Na4 28. Qb3 Nc3 29. Nb5 Nxb5 30. Qxb5 Rbd8 $14)
27... h6 $1 {Black has found some strong moves, and the task of converting the
edge is not easy.} 28. h3 {I tried to look for a way to consolidate my own
king position, but it is not so simple with my pawn on f3. Moving the f pawn
around a castled king, can often leave it much more vulnerable.} Kh7 {Black
hopes to play Rbd8 without any Nf7+ problems.} 29. Kh1 Rbd8 30. Qc2 Kg8 31.
Qc4+ Kh7 32. Qd5 Rd7 $6 {Probably Qd7 was better covering the f5 square.} 33.
Qf5+ Kg8 34. Qg6 $1 Ne6 $1 (34... Rfd8 {Black would love to play this move but
it fails tactically.} 35. Ne8 Rxd2 36. Rxd2 Rxd2 37. Nxf6+ {And mate follows.})
35. Qg4 Nc5 36. Qg6 Ne6 37. Qg4 {I repeated as my time was getting low and I
needed to make it to move 40.} Nc5 38. Rd5 $6 (38. f4 $1 {Would have been
stronger, ready to support the d6 knight with e5 against Rfd8 ideas. I
rejected this based on a miscalculation.} Qc6 39. Nf5 Nxe4 40. Rxd7 Nf2+ 41.
Kg1 Nxg4 42. Ne7+ {Wins for White, but Black could fight on with 39...Rc7. In
fact White would probably be best off playing 39.Kh2 looking after the king -
the most important feature of major piece endgames.}) 38... Kh7 $1 39. h4 $2 {
I start going wrong in time trouble.} (39. Qf5+ Kg8 40. Qg6 Kh8 41. h4 {
is a more accurate version of the same idea.}) 39... Rfd8 $1 40. Nf5 $2 (40.
Qf5+ Kg8 41. e5 {Still retains a slight edge.}) 40... Rxd5 41. exd5 g6 $1 {
The only move but a very important one. I'd seen this and hoped that h5 might
have maintained the initiative for White but...} 42. Ng3 (42. Qg3 {Moving to
an equal ending was probably the best option, but I was still after more.}) (
42. h5 gxf5 43. Qg6+ Kh8 44. Qxf6+ Kg8 45. d6 Qd7 {Looks at least ok for Black.
}) 42... h5 $1 {Before White plays h5 - so now i'm obliged to sacrifice a
piece.} 43. Nxh5 gxh5 44. Qxh5+ Kg7 $4 {After a fine series of moves, my young
opponent finally cracks.} (44... Kg8 45. d6 (45. Qg6+ Qg7 46. Qf5 Rd7 {And
Black is slightly better.}) (45. Rd4 Qh7 {is the point, when the black king
can hide on h8.}) 45... Rxd6 46. Qg6+ Kf8 47. Qh6+ Ke8 48. Qg6+ Kd7 49. Rxd6+
Qxd6 50. h5 {It is still not over but Black has the better chances.}) 45. Rd4
$1 {Now I think Black is lost, but he comes up with an interesting last roll
of the dice.} Ne6 46. Rg4+ $1 (46. Qg4+ $2 Ng5 47. hxg5 $4 Qc1+ 48. Kh2 Rh8+
49. Kg3 Qe1+ 50. Kf4 Qe5#) 46... Kf8 47. Qh6+ $1 Ke7 (47... Ng7 48. Qh8+ {Wins}
) 48. Re4 $1 Rxd5 49. Qg7+ {And Black resigned since:} (49. Qg7+ Kd6 (49... Kd8
50. Qg8+ Kd7 51. Qxe6+ Kd8 52. Qe8#) 50. Rxe6+ {wins the queen.}) 1-0

[Event "Biel SKA"]
[Site "Biel"]
[Date "1996.07.30"]
[Round "8"]
[White "Portisch, Lajos"]
[Black "Karpov, Anatoly"]
[Result "0-1"]
[WhiteElo "2600"]
[BlackElo "2775"]
[Annotator "Petursson,M"]
[PlyCount "40"]
[EventDate "1996.07.22"]
[EventType "tourn"]
[EventRounds "11"]
[EventCountry "SUI"]
[EventCategory "16"]
[SourceTitle "CBM 055"]
[Source "ChessBase"]
[SourceDate "1996.12.01"]
[SourceVersion "1"]
[SourceVersionDate "1996.12.01"]
[SourceQuality "1"]

1. d4 Nf6 2. c4 e6 3. Nf3 b6 4. a3 Bb7 5. Nc3 d5 6. cxd5 Nxd5 7. Qc2 Nxc3 8.
Qxc3 Nd7 9. Bg5 Be7 10. Bxe7 Kxe7 11. e3 Rc8 12. Be2 c5 13. dxc5 $2 {It is too
risky to grab the pawn on g7.} (13. O-O) (13. Rd1) 13... Rxc5 $1 14. Qxg7 Rg8
15. Qxh7 Rxg2 16. Qh4+ Nf6 17. Rd1 Qc7 18. Nd4 a5 $1 $17 19. Nb5 $4 (19. h3 $5)
(19. Qh3 $5) 19... Rxb5 $1 20. Bxb5 Rg4 0-1

[Event "Hoogovens"]
[Site "Wijk aan Zee"]
[Date "1998.01.26"]
[Round "9"]
[White "Van Wely, Loek"]
[Black "Adams, Michael"]
[Result "0-1"]
[WhiteElo "2605"]
[BlackElo "2670"]
[Annotator "Petursson,M"]
[PlyCount "74"]
[EventDate "1998.01.16"]
[EventType "tourn"]
[EventRounds "13"]
[EventCountry "NED"]
[EventCategory "17"]
[SourceTitle "CBM 063"]
[Source "ChessBase"]
[SourceDate "1998.03.26"]
[SourceVersion "1"]
[SourceVersionDate "1998.03.26"]
[SourceQuality "1"]

1. d4 Nf6 2. c4 e6 3. Nf3 b6 4. a3 Ba6 5. Qc2 Bb7 6. Nc3 c5 7. e4 cxd4 8. Nxd4
Nc6 9. Nxc6 Bxc6 10. Bf4 Bc5 11. Be2 O-O 12. O-O-O Ne8 13. Bg3 e5 14. Kb1 Bd4
15. Nb5 Bxb5 16. cxb5 Rc8 17. Qa4 Nf6 18. Bh4 h6 19. f4 g5 20. fxe5 (20. fxg5
Nxe4 21. Rxd4 exd4 (21... Nc5 $6 22. gxh6 $1 Nxa4 23. Rg4+) 22. Qxd4 Nxg5)
20... Bxe5 21. Be1 Re8 22. Qb3 Qe7 23. Bc4 Kg7 24. h4 g4 25. Rf1 Rc7 26. Rf5
Rec8 27. Bd3 d6 28. Bf2 Qe6 29. Qb4 Rc4 30. Qe1 (30. Bxc4 Rxc4 {/\31... R:e4})
{[%tqu "En","Can you find a winning move for Black here?","You want to break
up the defense around the White king. If you could only sacrifice something on
a3 or c3","Threaten Rxa3!","c4c3","",18]} 30... Rc3 $1 $19 (30... Ra4 $1 {
with the same idea (to sacrifiece on a3) would also have been sufficient to
win!}) 31. Rxe5 dxe5 32. bxc3 Qb3+ 33. Ka1 Qxa3+ 34. Kb1 Qb3+ 35. Ka1 Rxc3 36.
Bb1 (36. Qd2 Qa4+ $1 $19) 36... Qa3+ 37. Ba2 Rc2 0-1

[Event "Bonn GSK"]
[Site "Bonn"]
[Date "1996.??.??"]
[Round "?"]
[White "Seul, Georg"]
[Black "Miezis, Normunds"]
[Result "0-1"]
[WhiteElo "2445"]
[BlackElo "2530"]
[Annotator "Petursson,M"]
[PlyCount "74"]
[EventDate "1996.08.??"]
[EventType "tourn"]
[EventRounds "12"]
[EventCountry "GER"]
[EventCategory "12"]
[SourceTitle "CBM 056"]
[Source "ChessBase"]
[SourceDate "1997.02.01"]
[SourceVersion "1"]
[SourceVersionDate "1997.02.01"]
[SourceQuality "1"]

1. d4 Nf6 2. Nf3 b6 3. Bg5 Bb7 4. e3 e6 5. Bd3 c5 6. O-O Be7 7. c4 O-O 8. Nc3
cxd4 9. exd4 d5 10. Bxf6 Bxf6 11. cxd5 exd5 12. Re1 Nc6 13. Rc1 g6 14. Bf1 Rc8
15. g3 Qd6 16. Bh3 Rcd8 17. a3 Kg7 18. Bg2 Rfe8 19. Qd3 Qd7 20. h4 a6 21. b4 b5
22. Qd2 Qf5 23. Rcd1 h5 24. Re2 Re4 25. Re3 Nxd4 26. Nxe4 dxe4 27. Nxd4 Bxd4
28. Ree1 Qf6 29. Qe2 Qe5 30. Kh2 f5 31. f3 {[%tqu "En","Can you find the
wining move for black here?","It's not a sacrifice","Move a pawn and threaten
to check with it","f5f4","Correct! You are a good attacker!",10]} f4 $1 32.
fxe4 fxg3+ 33. Kh1 Qf4 34. Rxd4 Qxh4+ 35. Kg1 Qh2+ 36. Kf1 {[%tqu "En","Can
you find the only winning move here?","You are a rook down so you have to do
something decisive","Give a check","d8f8","You got it right!  He was hoping
for Rxd4 - then he would pin the rook with Qb2",2]} Rf8+ (36... Rxd4 $4 37. Qb2
$18) 37. Bf3 Qh1# 0-1

[Event "RUS-Cup01 Chigorin Memorial"]
[Site "St Petersburg"]
[Date "1997.11.09"]
[Round "9"]
[White "Sakaev, Konstantin"]
[Black "Shipov, Sergei"]
[Result "1-0"]
[WhiteElo "2590"]
[BlackElo "2575"]
[Annotator "Petursson,M"]
[PlyCount "55"]
[EventDate "1997.11.01"]
[EventType "swiss"]
[EventRounds "9"]
[EventCountry "RUS"]
[SourceTitle "CBM 062"]
[Source "ChessBase"]
[SourceDate "1998.01.31"]
[SourceVersion "1"]
[SourceVersionDate "1998.01.31"]
[SourceQuality "1"]

1. d4 Nf6 2. c4 e6 3. Nf3 b6 4. Nc3 Bb7 5. a3 d5 6. cxd5 Nxd5 7. Qc2 Be7 8. e4
Nxc3 9. bxc3 O-O 10. Bd3 c5 11. O-O Qc8 12. Qa2 Ba6 13. Bxa6 Nxa6 14. Rd1 cxd4
15. cxd4 Qb7 16. Qe2 Rac8 17. Bb2 Rfd8 18. h4 Nc7 19. Rd3 Ne8 20. Rad1 Qa6 21.
Ng5 Nf6 22. d5 $1 Qa4 23. d6 Bf8 24. e5 Qg4 25. Rf3 Qxh4 26. Rg3 $44 Nd5 27.
Rg4 Qh5 $4 {Wieder einmal erweist sich die ungeckte Stellung einer Figur als
verhängnisvoll. Die Qd1 äugt nach h5.} (27... Qh6 $8) {[%tqu "En","Can you
find a winning move for White here?","His queen is not protected and on the
same diagonal as your queen.  If only you could move your rook on g4 away with
check!  Then you would win his queen!","First you must move the knight on g5. 
What knight move does the most damage to Black?","g5e6","GREAT!  I am sure
your opponent learnt his lesson, and will watch his queen better in the
future!",15]} 28. Nxe6 (28. Nxe6 fxe6 29. Rxg7+ Bxg7 30. Qxh5 $18) 1-0

[Event "Karpov-Piket Match"]
[Site "Monte Carlo"]
[Date "1999.03.01"]
[Round "7"]
[White "Piket, Jeroen"]
[Black "Karpov, Anatoly"]
[Result "1/2-1/2"]
[WhiteElo "2615"]
[BlackElo "2710"]
[Annotator "Piket,L"]
[PlyCount "98"]
[EventDate "1999.02.21"]
[EventType "match"]
[EventRounds "8"]
[EventCountry "MNC"]
[SourceTitle "CBM 070"]
[Source "ChessBase"]
[SourceDate "1999.06.08"]
[SourceVersion "1"]
[SourceVersionDate "1999.06.08"]
[SourceQuality "1"]

1. d4 Nf6 2. c4 e6 3. Nf3 b6 4. a3 Bb7 5. Nc3 d5 6. cxd5 Nxd5 7. Bd2 Nd7 8. Qc2
Be7 (8... c5 9. Nxd5 exd5 10. dxc5 bxc5 11. e3 Be7 12. Bd3 g6 13. h4 {
Kamsky-Karpov Elista'96.}) 9. e4 Nxc3 10. Bxc3 O-O 11. O-O-O Qc8 $6 (11... c6
$142) (11... c5 $142) 12. h4 Rd8 13. Rh3 Nf8 14. h5 $1 c5 15. Rg3 (15. d5 exd5
16. exd5 Rxd5 (16... Bxd5 17. Rg3 Ne6 18. Rxd5 {Karpov} (18. Bxg7 Bxf3 $8 19.
Bf6+ Kf8 $132) 18... Rxd5 19. Bc4 $40) 17. Rg3 Rxd1+ 18. Qxd1 Ne6 (18... g6)
19. Bc4 g6) 15... cxd4 16. Nxd4 (16. Rxd4 $142 $1 $16) 16... Bf6 17. Nb5 Rxd1+
18. Qxd1 Qc5 $1 19. Qg4 (19. Qf3 $5) (19. Nd6 $2 Rd8 20. Qf3 Bg5+) 19... Bxc3 (
19... Nd7 $5 20. Nd6 $5 (20. Qf4) 20... Bxc3 21. bxc3 (21. Nxb7 Qxf2 $19) 21...
Qxa3+ 22. Kb1 g6 23. Nxb7 Qb3+ 24. Kc1 Rb8 25. hxg6 hxg6 26. Rh3 Qa3+ 27. Kb1
Qb3+ 28. Kc1 $11) 20. Nxc3 Qd4 21. Qf4 Rc8 22. Bd3 Nd7 23. h6 g6 24. Bc2 Qe5
25. Qd2 (25. Qxe5 Nxe5 26. f4) 25... Nf6 26. Rd3 Kf8 $138 27. f3 g5 28. Kb1 (
28. Ba4 $5 Qf4) (28. Rd8+ Ke7) 28... Ke7 29. Ba4 Bc6 30. Bxc6 Rxc6 31. Rd8 a6
32. Ra8 Rd6 33. Qe2 (33. Qe3 $142) 33... b5 34. Qe3 Nd7 35. Ra7 (35. Rg8 $5)
35... Kf6 36. g3 $6 Kg6 (36... Qxg3 $1 37. e5+ Qxe5 38. Qxe5+ (38. Ne4+ Kg6 39.
Ra8 Nf6) 38... Kxe5 39. Ne4) 37. f4 Qd4 38. Qe1 $4 (38. f5+ exf5 39. Qxd4 Rxd4
40. Rxa6+ $14) 38... Qd3+ (38... Qxa7) 39. Ka1 Qd4 40. Rc7 Qd3 41. e5 Rd4 42.
fxg5 (42. Rc8 $1 f6 43. Rg8+ Kf7 44. Rg7+ Kf8 45. exf6 $18) 42... b4 (42... Qc2
$5 {Podgaets}) (42... Rc4 43. Ne2 $1 (43. Rxd7 Qxd7 44. Qb1+ Kxg5 45. Qxh7 Rxc3
$11)) 43. axb4 Rxb4 (43... Qc2 $5) 44. Qf2 Kxg5 45. Qxf7 (45. Rc8 Kxh6 46. Qh2+
Kg7) 45... Ra4+ $8 46. Nxa4 Qd1+ 47. Ka2 Qxa4+ 48. Kb1 Qe4+ 49. Rc2 Qe1+ {
50. Ka2 Qa5+ 51. Kb3 Qb5+ 52. Kc3 Qc6+ 53. Kd2 Qg2+  54. Kd1 =} 1/2-1/2

[Event "Bundesliga 0607"]
[Site "Germany"]
[Date "2006.11.19"]
[Round "4.3"]
[White "Bartel, Mateusz"]
[Black "Postny, Evgeny"]
[Result "0-1"]
[WhiteElo "2569"]
[BlackElo "2609"]
[Annotator "Postny,E"]
[PlyCount "84"]
[EventDate "2006.10.28"]
[EventType "team-tourn"]
[EventRounds "15"]
[EventCountry "GER"]
[SourceTitle "CBM 116"]
[Source "ChessBase"]
[SourceDate "2007.02.01"]
[SourceVersion "1"]
[SourceVersionDate "2007.02.01"]
[SourceQuality "1"]
[WhiteTeam "Wattenscheid"]
[BlackTeam "Eppingen"]
[WhiteTeamCountry "GER"]
[BlackTeamCountry "GER"]

1. d4 Nf6 2. Nf3 e6 3. c4 b6 4. Nc3 Bb7 5. a3 d5 6. cxd5 Nxd5 7. e3 Be7 8. Bb5+
c6 9. Bd3 {Each side wastes a tempi in this line. White made two moves with
the light-squared bishops; black's pawn makes two moves on the way to c5.} O-O
10. Qc2 h6 11. O-O Nd7 (11... Nxc3 12. bxc3 c5 13. Qe2 Nd7 14. Bb2 Qc7 15. c4
cxd4 16. exd4 Qf4 17. Nd2 Nf6 18. Rfe1 Rad8 $11 {1/2-1/2 Kozul,Z (2600)
-Ivanchuk,V (2729)/Kusadasi TUR 2006/The Week in Chess 597 (88)}) ({The
immediate} 11... c5 {is another playable alternative.}) 12. e4 (12. Rd1 Qc8 13.
Qe2 c5 14. e4 Nxc3 15. bxc3 Rd8 16. Bf4 Nf8 17. h4 Bd6 18. Be3 Qc7 $132 {
1-0 Gofshtein,L (2517)-Postny,E (2360)/Israel 1999/EXT 2000 (40)}) 12... Nxc3
13. bxc3 c5 {This is standart position for Queen's Indian, Petrosian system.
White has space and superiority in the centre. On the other hand, black's
position is out of weaknesses and his pawn structure is preferable. Basically,
in this type of position White should play for an attack on the kingside,
while Black should strive for exchanges. If Black succeeds to survive the
middlegame, his chances can be even better in every endgame that may arise,
thanks to his pawn majority on the queenside.} 14. Bf4 Rc8 15. Qd2 $6 {Hinting
to sacrifice on h6. As the continuation of the game shows, the queen on d2 is
vulnerable.} (15. Qe2 {is a more natural place for the queen.}) 15... Re8 (
15... Nf6 16. Rfe1 Nh7 17. d5 exd5 18. exd5 Ng5 19. Bf5 Nxf3+ 20. gxf3 Ra8 21.
d6 Bg5 22. Bxg5 Qxg5+ 23. Qxg5 hxg5 24. Kg2 $16 {1-0 Gulko,B (2618)-Shliperman,
I (2466)/Salt Lake City 1999/CBM 073 (38)}) 16. Rfe1 Bf8 17. h3 $6 (17. Bg3 e5
$1 18. d5 (18. dxe5 c4 19. Bc2 Nxe5 20. Nd4 $13) 18... c4 $15) ({The best was
to admit the inaccuracy and move the queen out of "d" file:} 17. Qe2) {[%tqu
"En","How should Black continue?","","","e6e5","This strike was overlooked by
Mateusz Bartel. Black is getting comfortable position.",10]} 17... e5 $1 {
This strike was overlooked by Mateusz Bartel. Black is getting comfortable
position.} 18. dxe5 (18. Nxe5 Nxe5 19. dxe5 (19. Bxe5 $2 c4 {[%cal Gd8d2,Ge8e5]
followed by 20...Rxe5 wins a piece. Now the drawback of 15.Qd2 is clear.})
19... c4 20. Bc2 Qxd2 21. Bxd2 Rxe5 $15) 18... c4 19. Bc2 (19. Bf1 $6 Nxe5 20.
Bxe5 Qxd2 21. Nxd2 Rxe5 $17) 19... Nxe5 20. Nd4 Qd7 ({Probably, preferable
would have been} 20... Bc5 21. Ba4 (21. a4 Qf6 $15) 21... Re7 {Black is
slightly better.}) 21. Bxe5 $6 {White is intending to get his central pawns
moving, but at a price of good bishop.} (21. Qe3 Rc5 (21... Qe7 $5 {is Fritz's
suggestion.}) 22. Rad1 Qc8 {The position would remain approximately balanced.})
21... Rxe5 22. f4 Ra5 {[%csl Ra3]} 23. a4 Bc5 ({I didn't like} 23... Bc6 {
because of} 24. e5) 24. Kh2 Bc6 ({After} 24... Rd8 25. Rad1 Qc7 26. e5 {
white's offensive on the kingside might be dangerous.}) 25. Qe2 $2 {This
mistake is hard to explain.} (25. Qd1 $1 {was the only move.} Bxd4 (25... Qc7
26. Qg4 Bd7 27. Qf3 $13) 26. cxd4 f5 (26... Qd6 27. Qd2 Qd7 28. Qd1 $11) 27.
exf5 Rd5 28. Qg4 Rxd4 29. Rad1 Rf8 30. Rxd4 Qxd4 31. Re6 Bd7 32. Rxh6 Bxf5 33.
Bxf5 Rxf5 34. Qxf5 gxh6 35. Qg6+ Kf8 {with a drawish endgame.}) 25... Bxd4 26.
cxd4 (26. Rad1 Qc7 {[%csl Rf4] winning the pawn.}) 26... Bxa4 27. Bxa4 Rxa4 28.
Rxa4 Qxa4 29. d5 (29. e5 Qd7 30. Qe4 Rd8 31. Rd1 Qd5 32. Qxd5 Rxd5 33. Kg3 b5
34. Kf3 b4 35. Ke4 b3 36. Kxd5 c3 37. Kc4 c2 $19) ({A better practical chance
would have been:} 29. Qg4 Rd8 30. f5 Qd7 (30... Rxd4 $4 31. f6 g6 32. Qc8+ Kh7
33. Qf8 {mating.}) 31. e5 Qxd4 32. Re4 Qd1 $1 33. Qxd1 Rxd1 34. Rxc4 Re1 35.
Rc8+ Kh7 36. Rc7 Rxe5 37. Rxf7 a5 $19) 29... c3 30. d6 c2 31. Qd3 b5 32. Rc1 b4
33. Rxc2 {White has nothing better.} (33. d7 Rd8 34. Rxc2 Qxd7 $19) 33... Qxc2
34. d7 Qc7 35. Qd6 Qxd6 36. dxc8=Q+ Kh7 {The queens endgame is totally won for
Black.} 37. e5 Qe6 (37... Qd5 $1 {was more precise.}) 38. Qc2+ g6 39. Qc5 b3
40. Qxa7 Qc4 (40... b2 $2 {could fall into the trap.} 41. Qb7 Qa2 42. e6 $1 {
and it's a draw. And after} b1=Q $2 43. Qxf7+ Kh8 44. Qe8+ Kg7 45. Qd7+ Kg8 46.
e7 {Black will even remain a pawn down in a queens endgame.}) 41. Qf2 Qe4 $1 {
White is in zugzwang.} 42. Kh1 (42. h4 Qb4 43. f5 g5 $19) 42... Qc2 0-1